Search the Library Catalogue
| 000 -LEADER | |
|---|---|
| fixed length control field | 00962nam a2200277Ia 4500 |
| 008 - FIXED-LENGTH DATA ELEMENTS--GENERAL INFORMATION | |
| fixed length control field | 191130s2006##################000#0#eng## |
| 020 ## - INTERNATIONAL STANDARD BOOK NUMBER | |
| ISBN | 9780198568162 |
| 082 ## - DEWEY DECIMAL CLASSIFICATION NUMBER | |
| Classification number | 362.1042 SIE |
| 245 ## - TITLE STATEMENT | |
| Title | Social inequalities in health : new evidence and policy implications |
| Statement of responsibility, etc | edited by Johannes Siegrist and Michael Marmot |
| 260 ## - PUBLICATION, DISTRIBUTION, ETC. (IMPRINT) | |
| Place of publication | Oxford |
| Name of publisher | Oxford University Press |
| Year of publication | 2006 |
| 300 ## - PHYSICAL DESCRIPTION | |
| Number of Pages | x, 258 p. : ill. ; 24 cm |
| 500 ## - GENERAL NOTE | |
| General note | Includes bibliographical references and index |
| 650 ## - SUBJECT ADDED ENTRY--TOPICAL TERM | |
| Topical Term | Equality - Health aspects |
| Topical Term | Health Services Accessibility |
| Topical Term | Health Services Accessibility - economics |
| Topical Term | Health Services Needs and Demand - economics |
| Topical Term | Health Status |
| Topical Term | Medical policy - Social aspects |
| 700 ## - ADDED ENTRY--PERSONAL NAME | |
| Personal name | Marmot, M. G |
| Personal name | Siegrist, Johannes |
| 991 ## - | |
| -- | 13907 |
No items available.